Memòria any 93 / Arxiu Municipal
Descripción Física:
26 f. : amb gràfics, col. ; 21 x 30 cm
Materias:
Arxiu Municipal de Lleida -- Memòries
MARC
| LEADER | 00000nam a2200000Ia 4500 | ||
|---|---|---|---|
| 001 | 10640 | ||
| 003 | BGR | ||
| 005 | 20260324175249.0 | ||
| 008 | 160829s1994 xx 000 0 cat d | ||
| 080 | |a FOL-1-184 | ||
| 110 | 1 | |9 70355 |a Arxiu Municipal de Lleida | |
| 245 | |a Memòria any 93 / Arxiu Municipal | ||
| 260 | |a Lleida : |b Ajuntament, |c 1994 | ||
| 300 | |a 26 f. : |b amb gràfics, col. ; |c 21 x 30 cm | ||
| 650 | |a Arxiu Municipal de Lleida |x Memòries |9 19650 | ||
| 710 | 1 | |a Lleida (Catalunya). |b Ajuntament |9 54073 | |
| 901 | |a Arxiu | ||
| 942 | |n 1 |2 udc |c MON | ||
| 952 | |0 0 |1 0 |4 0 |6 FOL1184 |7 1 |9 42886 |a Arxiu |b Arxiu |d 2016-12-01 |l 0 |o FOL-1-184 |p 10640 |r 2016-12-01 00:00:00 |w 2016-12-01 |y ARXIU | ||
| 999 | |c 45392 |d 45392 | ||